| 000 | 01993cam a2200445 a 4500 | ||
|---|---|---|---|
| 999 |
_c529953 _d529953 |
||
| 001 | 14787375 | ||
| 003 | NUST | ||
| 005 | 20191008100350.0 | ||
| 008 | 070328s2006 dcua bt 000 0 eng d | ||
| 010 | _a 2006905111 | ||
| 020 | _a0309097711 | ||
| 020 | _a9780309097710 | ||
| 035 | _a(OCoLC)ocm80553873 | ||
| 035 | _a(OCoLC)80553873 | ||
| 038 | _aMSOHAIL | ||
| 040 |
_aXX-XxUND _cXX-XxUND |
||
| 042 | _alccopycat | ||
| 043 | _an-us--- | ||
| 050 | 0 | 0 |
_aHE 206.2 _b.S48 2006 |
| 082 | _a0 | ||
| 100 | 1 |
_aShiplett, Myra Howze, _d1944- _923018 |
|
| 245 | 1 | 0 |
_aTraining programs, processes, policies, and practices / _cconsultant, Myra Howze Shiplett. |
| 260 |
_aWashington, D.C. : _bTransportation Research Board, _c2006. |
||
| 300 |
_a89 p. : _bill. ; _c28 cm. |
||
| 490 | 1 |
_aNCHRP synthesis, _x0547-5570 ; _v362 |
|
| 500 | _aAt head of title: National Cooperative Research Highway Program. | ||
| 500 | _a"Research sponsored by the American Association of State Highway and Transportation Officials in cooperation with the Federal Highway Administration." | ||
| 504 | _aIncludes bibliographical references (p. 34-35). | ||
| 530 | _aAlso available online from the Web site of the Transportation Research Board (trb.org). | ||
| 650 | 0 |
_aTransportation agencies _xEmployees _xTraining of _zUnited States. _923019 |
|
| 710 | 2 |
_aNational Cooperative Highway Research Program. _920864 |
|
| 710 | 2 |
_aAmerican Association of State Highway and Transportation Officials. _919553 |
|
| 710 | 1 |
_aUnited States. _bFederal Highway Administration. _920149 |
|
| 710 | 2 |
_aNational Research Council (U.S.). _bTransportation Research Board. _923020 |
|
| 830 | 0 |
_aSynthesis of highway practice ; _v362. _923021 |
|
| 856 | 4 | 1 |
_uhttp://onlinepubs.trb.org/onlinepubs/nchrp/nchrp_syn_362.pdf _zClick to connect to this title online |
| 906 |
_a7 _bcbc _ccopycat _d2 _encip _f20 _gy-gencatlg |
||
| 942 |
_2ddc _cBK |
||